| 000 | 00670nam a22002057a 4500 | ||
|---|---|---|---|
| 999 |
_c11336 _d11336 |
||
| 003 | AR-CdUCM | ||
| 008 | 190403b ||||| |||| 00| 0 spa d | ||
| 040 |
_aMUNICIPALIDAD PROVINCIAL DEL CUSCO _cBIBLIOTECA MUNICIPAL DEL CUSCO |
||
| 082 |
_a868.3 / _bC14 / |
||
| 245 | _aTeatro de calderón | ||
| 260 | _bCreté, | ||
| 300 |
_a524 páginas ; _c18 cm. |
||
| 500 | _aAl texto le falta las primeras páginas. | ||
| 505 | _aContenido : La vida es sueño -- La devoción de la cruz -- El medico de su honra -- Amar después de la muerte ... | ||
| 650 |
_aTeatro _9173 |
||
| 650 |
_aCalderón _928653 |
||
| 650 |
_aObra _91250 |
||
| 942 |
_2ddc _cLIBROS |
||
| 945 | _arah | ||